All India Reporter 1985 (V-72) KARNATAKA section (Record no. 6755)

MARC details
000 -LEADER
fixed length control field 00392nam a22001457a 4500
005 - DATE AND TIME OF LATEST TRANSACTION
control field 20200601103734.0
008 - FIXED-LENGTH DATA ELEMENTS--GENERAL INFORMATION
fixed length control field 200601b xxu||||| |||| 00| 0 eng d
082 ## - DEWEY DECIMAL CLASSIFICATION NUMBER
Classification number 345.4 AIR
110 ## - MAIN ENTRY--CORPORATE NAME
Corporate name or jurisdiction name as entry element All India Reporter
245 ## - TITLE STATEMENT
Title All India Reporter 1985 (V-72) KARNATAKA section
260 ## - PUBLICATION, DISTRIBUTION, ETC. (IMPRINT)
Place of publication BOMBAY
Name of publisher All India Reporter Ltd.
Year of publication 1985
300 ## - PHYSICAL DESCRIPTION
Number of Pages 448p.
650 ## - SUBJECT ADDED ENTRY--TOPICAL TERM
Topical Term LAW
942 ## - ADDED ENTRY ELEMENTS (KOHA)
Koha item type Journals/Serial

No items available.